[Event "GER-ch Net Amateur Gr-A Vor3"]
[Site "Playchess.com INT"]
[Date "2020.04.16"]
[Round "8"]
[White "Haase, Thomas Konstantin"]
[Black "Moewisch, Dave"]
[Result "0-1"]
[WhiteElo "1744"]
[BlackElo "1658"]
[PlyCount "74"]
[EventDate "2020.04.16"]
[EventType "swiss (blitz)"]
[EventRounds "9"]
[EventCountry "GER"]
[SourceTitle "CBM 195 Extra"]
[Source "ChessBase"]
[SourceDate "2020.05.31"]
[SourceVersion "1"]
[SourceVersionDate "2020.05.31"]
[SourceQuality "1"]

1. c4 e6 2. Nc3 d5 3. cxd5 exd5 4. d4 Nf6 5. Bg5 Be7 6. Qc2 c6 7. e3 0-0 8. Bd3 h6 9. Bh4 Nbd7 10. Nf3 Re8 11. 0-0 Nf8 12. Rab1 Bg4 13. Ne5 Bh5 14. b4 N8d7 15. Nxd7 Nxd7 16. Bg3 a6 17. a4 b5 18. Ne2 Qb6 19. Nf4 Bg4 20. h3 Be6 21. Nxe6 fxe6 22. Bh7+ Kh8 23. Bg6 Rf8 24. e4 Rac8 25. Rfd1 dxe4 26. Qxe4 Rf6 27. Be5 Nxe5 28. dxe5 Rxf2 29. Kh2 Bg5 30. Rd7 Rcf8 31. a5 Qe3 32. Qxe3 Bxe3 33. Be4 Bf4+ 34. Kh1 Bxe5 35. Kg1 Re2 36. Bxc6 Bc3 37. Ra7 Bd4+ 0-1

[Event "GER-ch Net Amateur Gr-A Vor3"]
[Site "Playchess.com INT"]
[Date "2020.04.16"]
[Round "1"]
[White "Kersten, Uwe"]
[Black "Haase, Thomas Konstantin"]
[Result "1-0"]
[WhiteElo "2049"]
[BlackElo "1788"]
[PlyCount "61"]
[EventDate "2020.04.16"]
[EventType "swiss (blitz)"]
[EventRounds "9"]
[EventCountry "GER"]
[SourceTitle "CBM 195 Extra"]
[Source "ChessBase"]
[SourceDate "2020.05.31"]
[SourceVersion "1"]
[SourceVersionDate "2020.05.31"]
[SourceQuality "1"]

1. e4 c5 2. Nf3 d6 3. Bb5+ Bd7 4. Bxd7+ Qxd7 5. c4 Nc6 6. d4 cxd4 7. Nxd4 g6 8. b3 Bg7 9. Bb2 Nf6 10. Nc3 0-0 11. 0-0 a5 12. Re1 Nxd4 13. Qxd4 Ng4 14. Qd2 Qc6 15. h3 Ne5 16. Nd5 Rfe8 17. a4 Nd7 18. Bxg7 Kxg7 19. Re3 f6 20. Rae1 Ne5 21. Rg3 Nf7 22. Nf4 Qd7 23. Qd5 e6 24. Qd2 Qc6 25. Nh5+ Kh8 26. Nxf6 Re7 27. Qf4 Qc5 28. Qh4 Ne5 29. Rge3 Rf8 30. f4 Rxf6 31. Qxf6+ 1-0

[Event "GER-ch Net Amateur Gr-A Vor2"]
[Site "Playchess.com INT"]
[Date "2020.04.15"]
[Round "9"]
[White "Haase, Thomas Konstantin"]
[Black "Bashylina, Luisa"]
[Result "1-0"]
[WhiteElo "1788"]
[BlackElo "1620"]
[PlyCount "55"]
[EventDate "2020.04.15"]
[EventType "swiss (blitz)"]
[EventRounds "9"]
[EventCountry "GER"]
[SourceTitle "CBM 196 Extra"]
[Source "ChessBase"]
[SourceDate "2020.07.31"]
[SourceVersion "1"]
[SourceVersionDate "2020.07.31"]
[SourceQuality "1"]

1. d4 Nf6 2. Nf3 g6 3. g3 Bg7 4. Bg2 d6 5. 0-0 0-0 6. c4 Nc6 7. Nc3 e5 8. Bg5 exd4 9. Nd5 Be6 10. Nxd4 Bxd5 11. cxd5 Ne5 12. Rc1 h6 13. Bd2 Re8 14. Re1 Qd7 15. e4 g5 16. Qb3 Rac8 17. Nf5 c5 18. dxc6 bxc6 19. Bb4 d5 20. Nd6 Red8 21. Nxc8 Rxc8 22. exd5 cxd5 23. Rxc8+ Qxc8 24. Rxe5 Qc1+ 25. Re1 Qc8 26. Bc3 Nd7 27. Bxg7 Kxg7 28. Bxd5 1-0

[Event "GER-ch Net Amateur Gr-A Vor1"]
[Site "Playchess.com INT"]
[Date "2020.04.14"]
[Round "7"]
[White "Teloeken, Daniel"]
[Black "Haase, Thomas Konstantin"]
[Result "1-0"]
[WhiteElo "1735"]
[BlackElo "1705"]
[PlyCount "53"]
[EventDate "2020.04.14"]
[EventType "swiss (blitz)"]
[EventRounds "9"]
[EventCountry "GER"]
[SourceTitle "EXT 2021"]
[Source "ChessBase"]
[SourceDate "2020.10.23"]
[SourceVersion "1"]
[SourceVersionDate "2020.10.23"]
[SourceQuality "1"]

1. c4 c5 2. g3 g6 3. Bg2 Bg7 4. Nc3 Nc6 5. d3 e5 6. Rb1 Nge7 7. Nf3 0-0 8. a3 d5 9. cxd5 Nxd5 10. 0-0 Be6 11. Bd2 h6 12. Ne4 b6 13. Rc1 Qd7 14. Qc2 Kh7 15. Nc3 Nd4 16. Qd1 Rad8 17. Nxd5 Bxd5 18. Nxd4 exd4 19. b4 Bxg2 20. Kxg2 Qd5+ 21. f3 Rfe8 22. bxc5 bxc5 23. Rf2 Rb8 24. Qc2 Bf8 25. Bf4 Rb3 26. a4 Qd7 27. Qxb3 1-0

[Event "NRW Class2 1516"]
[Site "Germany"]
[Date "2015.12.20"]
[Round "4.7"]
[White "Essing, Arnold"]
[Black "Haase, Thomas Konstantin"]
[Result "1/2-1/2"]
[WhiteElo "2201"]
[BlackElo "2082"]
[PlyCount "117"]
[EventDate "2015.09.27"]
[EventType "team-tourn"]
[EventRounds "9"]
[EventCountry "GER"]
[SourceTitle "EXT 2017"]
[Source "ChessBase"]
[SourceDate "2016.10.25"]
[SourceVersion "1"]
[SourceVersionDate "2016.10.25"]
[SourceQuality "1"]
[WhiteTeam "Lieme"]
[BlackTeam "Bochum II"]
[WhiteTeamCountry "GER"]
[BlackTeamCountry "GER"]

1. d4 c5 2. e3 Nf6 3. Nf3 d5 4. c4 cxd4 5. exd4 g6 6. Nc3 Bg7 7. Be2 0-0 8. 0-0 Nc6 9. Bg5 Be6 10. cxd5 Nxd5 11. Qd2 Qa5 12. Bh6 Rad8 13. Bxg7 Kxg7 14. h3 h6 15. Rfd1 Qc7 16. Rac1 Qf4 17. Bf1 Qxd2 18. Rxd2 Nb6 19. Rcd1 Bd5 20. Ne5 e6 21. Nxd5 Rxd5 22. Nxc6 bxc6 23. Rc1 Rfd8 24. Rxc6 Rxd4 25. Rxd4 Rxd4 26. Rc7 Rd1 27. g3 a5 28. Rc5 a4 29. Kg2 Rd2 30. Rb5 Nd5 31. Kf3 Rd4 32. a3 e5 33. Rb7 e4+ 34. Ke2 Kf6 35. Ke1 e3 36. fxe3 Nxe3 37. Bb5 Re4 38. Kd2 Nf5 39. Bd3 Re6 40. Bxf5 gxf5 41. Rb4 Re4 42. Kd3 Re1 43. Rxa4 Rg1 44. Ke3 Rxg3+ 45. Kf4 Rxh3 46. Ra6+ Ke7 47. Rb6 h5 48. Kxf5 Rd3 49. Kg5 Rd5+ 50. Kh4 Kd8 51. b4 Kc7 52. Rf6 Rd3 53. Ra6 Rd5 54. Ra7+ Kb6 55. Ra8 Kb7 56. Rf8 Rd3 57. Rxf7+ Kb6 58. Rf6+ Kb7 59. Rf7+ 1/2-1/2

[Event "GER-ch Net qual1 U18"]
[Site "Playchess.com INT"]
[Date "2012.09.01"]
[Round "7"]
[White "Kvetny, Mark"]
[Black "Haase, Thomas Konstantin"]
[Result "0-1"]
[WhiteElo "2172"]
[BlackElo "1940"]
[PlyCount "68"]
[EventDate "2012.09.01"]
[EventType "swiss (blitz)"]
[EventRounds "7"]
[EventCountry "GER"]
[SourceTitle "CBM 150 Extra"]
[Source "ChessBase"]
[SourceDate "2012.10.19"]
[SourceVersion "1"]
[SourceVersionDate "2012.10.19"]
[SourceQuality "1"]

1. d4 Nf6 2. c4 c5 3. d5 b5 4. cxb5 a6 5. b6 Qxb6 6. Nc3 d6 7. Nf3 g6 8. e4 Bg7 9. Be2 0-0 10. 0-0 Nbd7 11. a4 Rb8 12. Nd2 Ne5 13. a5 Qa7 14. Na4 Rb4 15. Qc2 e6 16. Nb6 exd5 17. exd5 Bf5 18. Qd1 Re8 19. Ndc4 Nxc4 20. Bxc4 Nd7 21. Re1 Rxe1+ 22. Qxe1 Ne5 23. Bd2 Rxb2 24. Bc3 Rc2 25. Bxe5 Bxe5 26. Ra3 Qe7 27. Re3 Rb2 28. Bf1 Qh4 29. g3 Qd4 30. Nc4 Rb1 31. Qe2 Bh3 32. Nd2 Qxd2 33. Rxe5 Qxe2 34. Re8+ Qxe8 0-1

[Event "Dortmund Sparkassen op-A"]
[Site "Dortmund"]
[Date "2012.07.22"]
[Round "9"]
[White "Haase, Thomas Konstantin"]
[Black "Reisberg, Andre"]
[Result "1-0"]
[WhiteElo "1849"]
[BlackElo "1965"]
[PlyCount "139"]
[EventDate "2012.07.14"]
[EventType "swiss"]
[EventRounds "9"]
[EventCountry "GER"]
[SourceTitle "CBM 149 Extra"]
[Source "ChessBase"]
[SourceDate "2012.08.24"]
[SourceVersion "1"]
[SourceVersionDate "2012.08.24"]
[SourceQuality "1"]

1. Nf3 d5 2. d4 Bf5 3. c4 c6 4. cxd5 cxd5 5. Qb3 Qc8 6. Nc3 e6 7. Bf4 a6 8. Na4 Nc6 9. Nb6 Bb4+ 10. Bd2 Bxd2+ 11. Kxd2 Qd8 12. Nxa8 Qxa8 13. e3 Nf6 14. Bd3 Bxd3 15. Kxd3 Ne4 16. Ke2 0-0 17. Nd2 Rd8 18. Nxe4 dxe4 19. Rhd1 a5 20. a3 Qa6+ 21. Ke1 Rd5 22. Qc2 f5 23. Rac1 Qb6 24. b3 Qc7 25. g3 Qd6 26. Qa2 g5 27. Rc2 Ne5 28. Rc8+ Kg7 29. Qc2 Nc6 30. Rc1 Qd7 31. Rxc6 Qxc6 32. Qxc6 bxc6 33. Rxc6 Rb5 34. Rc3 Kf6 35. Kd2 e5 36. Rc6+ Kf7 37. Kc3 exd4+ 38. exd4 f4 39. Rc5 Rb6 40. Rxg5 fxg3 41. fxg3 Rh6 42. h4 Rc6+ 43. Rc5 Rg6 44. Rf5+ Ke6 45. Re5+ Kd6 46. Rxe4 Rxg3+ 47. Kc4 a4 48. bxa4 Rxa3 49. Kb4 Ra1 50. Kb5 Rb1+ 51. Ka6 Rb8 52. Ka7 Rb4 53. a5 Rb5 54. a6 Rb4 55. Rf4 Kc7 56. Rf7+ Kc6 57. Rxh7 Rxd4 58. h5 Rd6 59. h6 Kb5 60. Rb7+ Ka5 61. h7 Rxa6+ 62. Kb8 Rh6 63. Kc8 Ka6 64. Rc7 Kb5 65. Kd8 Kb6 66. Rd7 Kc5 67. Ke8 Kc6 68. Re7 Kd5 69. Kf8 Kd6 70. Ra7 1-0

[Event "Dortmund Sparkassen op-A"]
[Site "Dortmund"]
[Date "2012.07.18"]
[Round "5"]
[White "Haase, Thomas Konstantin"]
[Black "Henkemeier, Markus"]
[Result "1-0"]
[WhiteElo "1849"]
[BlackElo "1950"]
[PlyCount "89"]
[EventDate "2012.07.14"]
[EventType "swiss"]
[EventRounds "9"]
[EventCountry "GER"]
[SourceTitle "CBM 149 Extra"]
[Source "ChessBase"]
[SourceDate "2012.08.24"]
[SourceVersion "1"]
[SourceVersionDate "2012.08.24"]
[SourceQuality "1"]

1. c4 Nf6 2. g3 c6 3. Nf3 d6 4. d4 g6 5. Bg2 Bg7 6. 0-0 Be6 7. b3 Qc8 8. Ng5 Bd7 9. Nc3 h6 10. Nge4 Bh3 11. Nxf6+ Bxf6 12. Ne4 Bg7 13. Qd3 h5 14. Bg5 Bf5 15. Qe3 Kf8 16. Qd2 f6 17. Be3 Bh3 18. f3 Na6 19. Bxh3 Qxh3 20. Nf2 Qd7 21. d5 f5 22. Rac1 h4 23. g4 fxg4 24. fxg4 Kg8 25. h3 Nc7 26. Ne4 Ne8 27. Bd4 Bh6 28. Qd3 Rh7 29. Be3 Bg7 30. Ng5 Rh6 31. Ne6 g5 32. Bxg5 Rxe6 33. dxe6 Qxe6 34. Rf3 Nf6 35. Bxf6 Bxf6 36. Rcf1 Kg7 37. Rf5 Rh8 38. g5 Be5 39. Qf3 Kg6 40. Kh1 Rh5 41. Qd3 Kg7 42. Qf3 Kg6 43. Qg4 Qg8 44. Rf8 Qg7 45. Qf5# 1-0

[Event "Dortmund Sparkassen op-A"]
[Site "Dortmund"]
[Date "2012.07.17"]
[Round "4"]
[White "Bausch, Thomas"]
[Black "Haase, Thomas Konstantin"]
[Result "0-1"]
[WhiteElo "1947"]
[BlackElo "1849"]
[PlyCount "76"]
[EventDate "2012.07.14"]
[EventType "swiss"]
[EventRounds "9"]
[EventCountry "GER"]
[SourceTitle "CBM 149 Extra"]
[Source "ChessBase"]
[SourceDate "2012.08.24"]
[SourceVersion "1"]
[SourceVersionDate "2012.08.24"]
[SourceQuality "1"]

1. e4 e6 2. d4 d5 3. Nc3 Nf6 4. e5 Nfd7 5. f4 c5 6. Nf3 Nc6 7. Be3 Be7 8. Qd2 Rb8 9. a3 Qa5 10. Ra2 cxd4 11. Nxd4 a6 12. Bd3 Nxd4 13. Bxd4 Nc5 14. Be2 Qc7 15. Qe3 Bd7 16. 0-0 Na4 17. Nxa4 Bxa4 18. b3 Bd7 19. Rc1 0-0 20. c4 Rfc8 21. Bb6 Qc6 22. c5 Rf8 23. Qd4 g6 24. b4 f6 25. a4 fxe5 26. fxe5 Bg5 27. b5 Qc8 28. Rf1 axb5 29. axb5 Ra8 30. Rc2 Rxf1+ 31. Bxf1 Qe8 32. Qb2 Be3+ 33. Kh1 Bxb5 34. Bxb5 Qxb5 35. h3 Qf1+ 36. Kh2 Ra1 37. h4 h5 38. Kh3 Bf4 0-1